书目信息 |
| 题名: |
监理工程师手册
|
|
| 作者: | 杜逸玲 主编 | |
| 分册: | ||
| 出版信息: | 太原 山西科学技术出版社 2003.01 |
|
| 页数: | 504页 | |
| 开本: | 20cm | |
| 丛书名: | 建筑管理实用手册丛书 | |
| 单 册: | ||
| 中图分类: | TU712-62 | |
| 科图分类: | ||
| 主题词: | 建筑工程--施工管理 | |
| 电子资源: | ||
| ISBN: | 7-5377-1962-4 | |
| 000 | 00650nam0 2200217 45 | |
| 001 | 0358338846 | |
| 005 | 2003042516121878 | |
| 010 | @a7-5377-1962-4@dRMB 32.00 | |
| 100 | @a20030425d2003 km y0chiy0120 ea | |
| 101 | 0 | @achi |
| 102 | @aCN@b140000 | |
| 200 | 1 | @a监理工程师手册@Ajian li gong cheng shi shou ce@f杜逸玲主编@Fdu yi ling zhu bian |
| 210 | @a太原@c山西科学技术出版社@d2003.01 | |
| 215 | @a504页@d20cm | |
| 225 | 2 | @a建筑管理实用手册丛书 |
| 410 | 0 | @12001 @a建筑管理实用手册丛书 |
| 606 | 0 | @a建筑工程@x施工管理 |
| 690 | @aTU712-62@v4 | |
| 701 | 0 | @a杜逸玲@Adu yi ling@4主编 |
| 801 | 0 | @aCN@bPFT@c20030425 |
| 905 | @a10447@dTU712-62@eD880 | |
| 监理工程师手册/杜逸玲主编.-太原:山西科学技术出版社,2003.01 |
| 504页;20cm.-(建筑管理实用手册丛书) |
| ISBN 7-5377-1962-4:RMB 32.00 |
| ● |
| 相关链接 |
|
|
|
正题名:监理工程师手册
索取号:TU712-62/D880
 
预约/预借
| 序号 | 登录号 | 条形码 | 馆藏地/架位号 | 状态 | 备注 |
| 1 | 366234 | 203662349 | 建筑库201/201建筑库 22排2列3层/ [索取号:TU712-62/D880] | 在馆 | |
| 2 | 367417 | 203674176 | 建筑库201/201建筑库 22排2列3层/ [索取号:TU712-62/D880] | 在馆 | |
| 3 | 367418 | 203674185 | 建筑库201/201建筑库 22排2列3层/ [索取号:TU712-62/D880] | 在馆 | |
| 4 | 367419 | 203674194 | 土木与交通工程学院资料室/土木与交通学院资料室 1排1列1层/ [索取号:TU712-62/D880] | 在馆 |